Statistics for Football teams in the Top 5 Leagues

Click here to take the quiz!

General Stats

  • This quiz has been taken 439 times
    (400 since last reset)
  • The average score is 57 of 98

Answer Stats

LeagueAnswer% Correct
La LigaReal Madrid
97%
La LigaBarcelona
96%
EPLManchester United
91%
La LigaAtlético Madrid
90%
BundesligaBayern Munich
90%
EPLChelsea
90%
EPLLiverpool
90%
EPLManchester City
90%
EPLArsenal
89%
Serie AAC Milan
88%
BundesligaBorussia Dortmund
88%
Serie AJuventus
88%
Serie AInternazionale
87%
EPLTottenham Hotspur
87%
Ligue 1Paris-Saint-Germain
86%
La LigaValencia
85%
EPLEverton
81%
Ligue 1Lyon
81%
La LigaSevilla
80%
EPLNewcastle United
79%
EPLWest Ham United
79%
Serie ANapoli
78%
Serie ARoma
77%
EPLBrighton & Hove Albion
76%
EPLWolverhampton Wanderers
76%
La LigaAthletic Bilbao
75%
EPLCrystal Palace
73%
Serie ALazio
73%
EPLLeicester City
73%
Ligue 1Marseille
73%
Ligue 1Monaco
71%
La LigaReal Betis
71%
EPLBurnley
70%
Ligue 1Lille
69%
EPLFulham
68%
EPLSouthampton
68%
BundesligaHertha BSC
67%
BundesligaSchalke 04
66%
BundesligaBayer Leverkusen
65%
EPLBournemouth
65%
La LigaReal Sociedad
65%
EPLWatford
65%
Serie AAtalanta
64%
Serie AFiorentina
63%
BundesligaBorussia Mönchengladbach
61%
BundesligaRB Leipzig
61%
BundesligaVfL Wolfsburg
61%
La LigaVillareal
61%
BundesligaWerder Bremen
61%
BundesligaEintracht Frankfurt
59%
Ligue 1Bordeaux
56%
Serie ATorino
56%
Ligue 1Nantes
55%
Ligue 1Nice
55%
La LigaGetafe
54%
Serie ASampdoria
54%
BundesligaVfB Stuttgart
52%
La LigaEspanyol
51%
EPLHuddersfield Town
51%
EPLCardiff City
50%
La LigaCelta Vigo
49%
Ligue 1Rennes
49%
Serie AUdinese
49%
Serie ABologna
48%
Serie AParma
47%
Serie AGenoa
46%
La LigaLevante
46%
Ligue 1Montpellier
46%
Ligue 1Saint-Étienne
45%
BundesligaTSG 1899 Hoffenheim
45%
Serie ACagliari
43%
Serie ASassuolo
42%
Bundesliga1. FSV Mainz 05
40%
La LigaEibar
40%
La LigaAlavés
39%
BundesligaFC Augsburg
39%
BundesligaHannover 96
39%
La LigaRayo Vallecano
39%
Ligue 1Toulouse
39%
La LigaValladolid
39%
BundesligaSC Freiburg
35%
BundesligaFortuna Düsseldorf
34%
Ligue 1Strasbourg
34%
La LigaGirona
33%
Ligue 1Angers
32%
Serie AChievo
32%
Ligue 1Reims
32%
La LigaHuesca
30%
Serie AEmpoli
29%
La LigaLeganés
28%
Bundesliga1. FC Nürnberg
27%
Ligue 1Dijon
27%
Serie ASPAL
26%
Ligue 1Guingamp
25%
Ligue 1Amiens
24%
Ligue 1Caen
23%
Ligue 1Nimes
20%
Serie AFrosinone
16%

Score Distribution

Percentile by Number Answered

Percent of People with Each Score

Your Score History

You have not taken this quiz since the last reset